Ces films ont un lieu dans leurs titres - 3 - Statistiques

Statistiques générales
  • Ce quiz a été pris 26 fois
  • Le résultat moyen est 5 sur 20
Statistiques - réponses
Réalisateur Année Film % Correct
Michel Hazanavicius 2009 OSS 117 - {Rio} ne répond plus...
91%
Justin Lin 2006 Fast & Furious : {Tokyo} Drift
68%
Robert De Niro 1993 Il était une fois le {Bronx}
45%
Eric Darnell 2014 Les Pingouins de {Madagascar}
41%
Jonathan Liebesman 2011 World Invasion : Battle {Los} {Angeles}
36%
Luigi Comencini 1965 Don Camillo en {Russie}
32%
Orson Welles 1947 La Dame de {Shanghai}
32%
Jacques Rivette 1961 {Paris} nous appartient
32%
Sophie Letourneur 2022 Voyages en {Italie}
18%
Pascal Légitimus 2000 {Antilles} sur Seine
14%
Babak Najafi 2016 La Chute de {Londres}
14%
Patricia Mazuy 2021 Bowling {Saturne}
9%
Gary Fleder 1995 Dernières heures à {Denver}
9%
Éric Rohmer 1963 La Boulangère de {Monceau}
9%
Alain Soral 2017 Alain Soral – À la découverte de la {Corée} {du} {Nord}
5%
Franklin J. Schaffner 1978 Ces garçons qui venaient du {Brésil}
5%
Maurice Tourneur 1935 Justin de {Marseille}
5%
Patricia Mazuy 2024 La Prisonnière de {Bordeaux}
5%
Robert Parrish 1959 L'Aventurier du {Rio} {Grande}
5%
Paul Wegener 1913 L'Étudiant de {Prague}
5%
Aucun quiz correspondant
Distribution des résultats
% des personnes avec chaque résultat
Percentile par nombre de réponses
Votre historique - résultats
Vous n’avez pas pris ce quiz